Statystyki dla Quiz o Kiribati

Kliknij tutaj aby rozwiązać quiz!

Ogólne statystyki

  • Ten quiz został rozwiązany 872 razy
  • Średni wynik to 7 z 14

Statystyki odpowiedzi

WskazówkaOdpowiedź% Poprawnych
Języki oficjalneangielski
96%
Państwo, od którego Kiribati uzyskało niepodległość w 1979Wielka Brytania
84%
Każdego roku Kiribati jest pierwszym państwem, który obchodzi to świętoNowy Rok
71%
Państwo, które zajmowało część Kiribati w latach 1941–1943Japonia
70%
Nie licząc terytoriów zewnętrznych, Kiribati jest jedynym państwem na świecie, który
ma terytorium na wszystkich czterech _________
Półkulach
62%
Państwo, które oderwało się od Kiribati, aby stać się oddzielnym narodem w 1976 rokuTuvalu
60%
Liczba gatunków ssaków, które można było spotkać
na wyspach przed osadnictwem człowieka
0
52%
Języki oficjalnekiribati
49%
StolicaTarawa
49%
Wraz z Malediwami Kiribati jest jednym z państw
uważanych za najbardziej zagrożone tym globalnym zjawiskiem
Zmiana klimatu
43%
Produkt spożywczy, który stanowi 91% eksportuRyby
35%
Wyspy Kiribati są atolami, co oznacza, że ​​powstały z ...Raf koralowych
29%
Typ ptaka, który pojawia się na fladze Kiribati
(wskazówka: typ statku)
Fregata
24%
Wyspa, która zajmuje prawie połowę powierzchni Kiribati,
odwiedzona przez kapitana Cooka 24 grudnia 1777 roku
Kiritimati
20%

Rozkład punktacji

Percentyl według liczby udzielonych odpowiedzi

Procent ludzi z każdym wynikiem

Twoja historia wyników

Nie rozwiązałeś tego quizu